000 00414cam a2200169ua 4500
020 _c5.00
041 _amal
_h
082 _a894.812308
_bZOL/MA
100 _aZola, Emily .
245 _aManushya mrigam /
_cEmily Zola.
_hTextual Documents
260 _aKottayam :
_bSahitya Pravarthaka Co-operative Society.
300 _a505 ; .
365 _a5.00
504 _a
942 _cBK
999 _c6627
_d6627